Namen voor groepen dieren - Statistieken

Algemene statistieken
  • Deze quiz is 92 keer genomen
  • De gemiddelde score is 9 van 31
Antwoordstatistieken
Groep Naam % Correct
Vissen School
95%
Schapen Kudde
92%
Wolven Pak of Roedel of Troep
79%
Koeien Kudde
62%
Mieren Kolonie
57%
Olifanten Kudde
50%
Honden Pak of Roedel
50%
Insecten Zwerm
39%
Geiten Kudde
38%
Paarden Kudde
38%
Dolfijnen School
37%
Kamelen Kudde
30%
Walvissen School
30%
Leeuwen Troep
28%
Uilen Parlement
22%
Vossen Pak
16%
Vleermuizen Zwerm
13%
Herten Roedel
12%
Pinguins Kolonie
8%
Oesters Bed
7%
Ganzen Koppel of Toom
7%
Bijen Volk
7%
Mosselen Bank
5%
Kalkoenen Bende
5%
Dassen Kolonie
5%
Konijnen Sprong
5%
Kippen Klucht
4%
Zeehonden Kolonie
4%
Apen Kolonie
4%
Wilde Zwijnen Rotte
4%
Huiskatten Cluster
1%
Geen overeenkomende quizzen gevonden
Scoreverdeling
Procent van Mensen met Elke Score
Percentiel versus Aantal Correcte Antwoorden
Uw Scoregeschiedenis
U heeft deze quiz nog niet genomen